[Event "Monteria U17 Girls"]
[Site "Monteria"]
[Date "2016.12.08"]
[Round "3.1"]
[White "Valencia Lopez, Daily Vanessa"]
[Black "Gaviria Rodriguez, Dorany Andrea"]
[Result "1-0"]
[WhiteElo "1591"]
[BlackElo "1331"]
[PlyCount "79"]
[EventDate "2016.12.07"]
[EventType "swiss"]
[EventRounds "6"]
[EventCountry "COL"]
[SourceTitle "EXT 2024"]
[Source "ChessBase"]
[SourceDate "2023.10.10"]
[SourceVersion "1"]
[SourceVersionDate "2023.10.10"]
[SourceQuality "1"]

1. e4 e6 2. d4 d5 3. Nd2 b6 4. Bd3 Bb7 5. c3 c5 6. Ne2 Nd7 7. 0-0 Qc7 8. e5 g6 9. Nf3 Bg7 10. Nf4 Ne7 11. Ng5 Qc6 12. Qf3 h6 13. Nxf7 Nf8 14. Nxh8 Bxh8 15. Qg3 g5 16. Nh5 0-0-0 17. a4 c4 18. Bc2 Nfg6 19. Bxg6 Nxg6 20. f4 Rf8 21. fxg5 Rxf1+ 22. Kxf1 hxg5 23. Bxg5 Qe8 24. Bf6 Qf7 25. Kg1 Bc6 26. Bxh8 Nxh8 27. Nf6 Qg6 28. Qxg6 Nxg6 29. g3 Kd8 30. h4 Be8 31. Nxe8 Kxe8 32. h5 Ne7 33. g4 Kf7 34. a5 b5 35. a6 Nc6 36. g5 Kg8 37. h6 Kh7 38. Rf1 Nd8 39. Rf8 Nb7 40. axb7 1-0